| 000 | 00731nam a22002297a 4500 | ||
|---|---|---|---|
| 999 |
_c16299 _d16299 |
||
| 003 | AR-CdUCM | ||
| 008 | 190503b ||||| |||| 00| 0 spa d | ||
| 040 |
_aMUNICIPALIDAD PROVINCIAL DEL CUSCO _cBIBLIOTECA MUNICIPAL DEL CUSCO |
||
| 082 |
_a848.9 / _bF23 / 1934 |
||
| 100 |
_aFarrere Claude _935664 |
||
| 245 | _aLas cuatro damas de angora / | ||
| 260 |
_aChile : _bCultura, _c1934. |
||
| 300 |
_a176 páginas ; _c20 cm. |
||
| 440 |
_aBiblioteca "cultura" _n29 _935665 |
||
| 505 | _aContenido : Las cuatro damas de angora -- Narrativa. | ||
| 650 |
_aLiteratura _983 |
||
| 650 |
_aNarrativa _967 |
||
| 650 |
_aSiglo XX _98 |
||
| 700 |
_aAllamand, Maïte (Traducción) _935666 |
||
| 942 |
_2ddc _cLIBROS |
||
| 945 |
_arah _d03/05/2019 |
||